000 00946nac a22002417a 4500
001 BR7904102
003 BR-BrBNA
005 20240105114444.0
008 230509b bl.|||m| |||| 00| 0 por d
040 _aBR-BrBNA
_bpor
_cBiblioteca Nacional de Agricultura
072 _aA50; L00
090 _a5212 BR7904102
110 1 _aEmpresa Brasileira de Pesquisa Agropecuaria, Brasilia, DF (Brasil). Depto. de Diretrizes e Metodos de Planejamento
_93841
245 1 _aProjeto Nacional de Pesquisa. Bovinos. Relatorio anual de acompanhamento 1978 [Brasil]
260 3 _aBrasilia, DF (Brasil):
_c1979.
300 _a146 p.
490 _aSerie Acompanhamento Gerencial - Empresa Brasileira de Pesquisa Agropecuaria. Depto. de Diretrizes e Metodos de Planejamento (Brazil)
_vv. 16
_x
650 _aBOVINO
650 _aPROJETO DE PESQUISA
650 _aPESQUISA PECUARIA
909 _a202312
_bLúcia Elande
_c55
_dLúcia Elande
942 _2AGRIS
_n0
_cMS
999 _c269451
_d269451